000 00609nam a2200229Ia 4500
003 OSt
005 20220928125210.0
006 a|||||r|||| 00| 0
007 ta
008 220927b |||||||| |||| 00| 0 eng d
024 _a43635
037 _cTextual
040 _aSDCL
_cSDCL
_beng
041 _2eng
_aeng
082 _aXM8,62.1-1'N8, M4
100 _aCoulbeck Neil
_9401803
245 0 _aMultinational banking industry
260 _aLondon
_bCroom Helm
_c1984
300 _axvii,397p
_ccm.
942 _hXM8,62.1-1'N8, M4
_cTEXL
_2CC
999 _c781557
_d781557